Catholic University of Zimbabwe Library
Online Public Access Catalogue
(OPAC)

An Outline of American history (Record no. 12108)

MARC details
000 -LEADER
fixed length control field 00410 a2200109 4500
245 ## - TITLE STATEMENT
Title An Outline of American history
Medium print
100 ## - MAIN ENTRY--PERSONAL NAME
Personal name United States Information Service
650 ## - SUBJECT ADDED ENTRY--TOPICAL TERM
Topical term or geographic name entry element AMERICAN HISTORY
260 ## - PUBLICATION, DISTRIBUTION, ETC.
Place of publication, distribution, etc. dcu
Name of publisher, distributor, etc. U. S. Information Agency
Date of publication, distribution, etc. 1965]
084 ## -
-- E178 .W6
300 ## - PHYSICAL DESCRIPTION
Extent 246 p. illus., maps. ports. 21 x 27 cm.
Other physical details 246 p. illus., maps. ports. 21 x 27 cm.
Dimensions 246 p. illus., maps. ports. 21 x 27 cm.

No items available.

OPENING HOURS

Weekdays: 0815hrs - 1800hrs
Weekends:0900hrs - 1200hrs

Closed for Mass:

Mon, Thur: 1200hrs - 1300hrs
Sunday & Public Holiday’s

CALL SUPPORT

0242-570570, 0242-570169
09200664, +263 8644140602

LOCATION

18443, Cranborne Avenue, Hatfield, Harare

Other Links


©2021 | CUZ Library